000 00622nam a22002297a 4500
003 OSt
005 20220107122811.0
008 160420b xxu||||| |||| 00| 0 eng d
020 _a9781856049290
040 _cIIITMK
082 _a346.0482 PAD/C
100 _aPadfield, Tim
_98991
245 _aCopyright for archivists and records managers.
_cTim Padfield
250 _a5
260 _aLondon,
_bFacet Publishing,
_c2015
300 _axvii, 360p.
650 _aINTELLECTUAL PROPERTY RIGHTS
_98992
650 _aCOPYRIGHT
_99062
650 _aARCHIVISTS
_98994
650 _aRECORDS MANAGERS
_98995
942 _2ddc
_cBK
999 _c5087
_d5087